Di proprio pugno : autobiografie di emigranti italiani in argentina e in brasile /
Guardado en:
| Autor Principal: | |
|---|---|
| Formato: | Libro |
| Publicado: |
Roma :
Diabasis,
2003
|
| Materias: | |
| Etiquetas: |
Agregar Etiqueta
Sin Etiquetas, Sea el primero en etiquetar este registro!
|
| LEADER | 00736nam a22002175a 4500 | ||
|---|---|---|---|
| 001 | EHU.bham044683 | ||
| 003 | AR-BHAM | ||
| 005 | 20170428144926.0 | ||
| 008 | 130507s2003##################000#0#####d | ||
| 020 | |a 8881032562 | ||
| 082 | 3 | 2 | |a 325.98 |
| 100 | 1 | |a Cattarulla, Camilla | |
| 245 | 1 | 0 | |a Di proprio pugno : |b autobiografie di emigranti italiani in argentina e in brasile / |c Camilla Cattarulla |
| 260 | |a Roma : |b Diabasis, |c 2003 | ||
| 300 | |a 145 p. | ||
| 653 | |a Inmigración italiana | ||
| 653 | |a Inmigración italiana en argentina y brasil | ||
| 653 | |a Argentina-inmigración italiana en | ||
| 653 | |a Brasil-inmigración italiana en | ||
| 653 | |a Colección llull | ||
| 859 | |a AR-BHAM |b BIB. HUMANIDADES - General |h 325.98 |i C281 |p 374.09 |t Ej.1 | ||
